Occupational safety and health for technologists, engineers, and managers / (Record no. 5081)

MARC details
000 -LEADER
fixed length control field 00676cam a2200181 a 4500
020 ## - INTERNATIONAL STANDARD BOOK NUMBER
ISBN 9780137009169
020 ## - INTERNATIONAL STANDARD BOOK NUMBER
ISBN 013700916X
050 00 - CALL NUMBER
Classification number T55
Item number .G586
100 1# - AUTHOR
Personal name Goetsch, David L.
245 10 - TITLE
Title Occupational safety and health for technologists, engineers, and managers /
Statement of responsibility, etc David L. Goetsch.
250 ## - EDITION
Edition statement 7th ed.
260 ## - PUBLICATION INFORMATION
Place of publication Upper Saddle River, N.J. :
Name of publisher Prentice Hall,
Year of publication c2011.
300 ## - DESCRIPTION
Number of Pages xx, 745 p. :
Other physical details ill. ;
Dimensions 29 cm.
505 ## - FORMATTED CONTENTS NOTE
Table of Content Historical Perspective and overview, Laws and Regulations , The Human Element, Hazard assessment prevention and control, Management of safety and Health
650 #0 - SUBJECTS
Topical Term Industrial safety
650 #0 - SUBJECTS
Topical Term Industrial hygiene
942 ## - ADDED ENTRY ELEMENTS (KOHA)
Koha item type Books
Holdings
Withdrawn status Lost status Home library Current library Shelving location Date acquired Full call number Accession Number Koha item type
    Methodist University Library Wenchi Nursing Methodist University Library Wenchi Nursing Reference 03/05/2019 T55 .G586 7421 Books
Copyright © 2026  MUG Library